000
00329nam a2200133Ia 4500
008
240624s9999 xx 000 0 und d
041
_a
eng
082
_a
920 TOY
100
_a
TOYE HUGH
245
_a
SUBHASH CHANDRA BOSE THE SPRINGING TIGER
260
_c
2004
_a
Mumbai
_b
Jaico Publishing House
300
_a
xx, : 240
365
_c
RS
999
_c
747
_d
747